000 00534nam a2200217Ia 4500
003 OSt
005 20220924142949.0
006 a|||||r|||| 00| 0
007 ta
008 220923b |||||||| |||| 00| 0 ori d
024 _a304086
037 _cTextual
040 _aARTS
_cARTS
_bORI
041 _2ORI
_aORI
082 _aO152,1H50x, 1591K5
245 0 _aPadavali Bidyapati
260 _c1965
650 _aHINDI LITERATURE
_923866
942 _hO152,1H50x, 1591K5
_cTEXL
_2CC
999 _c452641
_d452641